[Event "Titled Tuesday intern op 01st Feb-A"]
[Site "Chess.com INT"]
[Date "2022.02.01"]
[Round "8"]
[White "Grandelius, Nils"]
[Black "Terry, Renato"]
[Result "1-0"]
[WhiteElo "2672"]
[BlackElo "2504"]
[PlyCount "115"]
[EventDate "2022.02.01"]
[EventType "swiss (blitz)"]
[EventRounds "11"]
[EventCountry "USA"]
[SourceTitle "CBM 206 Extra"]
[Source "ChessBase"]
[SourceDate "2022.03.31"]
[SourceVersion "1"]
[SourceVersionDate "2022.03.31"]
[SourceQuality "1"]

1. Nf3 Nf6 2. g3 d5 3. Bg2 c6 4. O-O Bg4 5. h3 Bh5 6. c4 e6 7. cxd5 cxd5 8. Qb3 Qb6 9. Qxb6 axb6 10. Nc3 Bxf3 11. Bxf3 Nc6 12. d3 Bb4 $146 ({RR} 12... Nd4 13. Bg2 Bb4 14. e4 dxe4 15. Nxe4 Nxe4 16. Bxe4 O-O 17. a3 Be7 18. Bxb7 Rad8 19. Be3 Nc2 20. Rad1 Nxe3 21. fxe3 Bf6 22. d4 e5 23. d5 e4 24. b4 Bb2 25. a4 Bc3 26. Rb1 f5 27. Kf2 {Grandelius,N (2655)-Gascon del Nogal,J (2449) Chess.com INT 2022 1-0}) 13. Be3 Bc5 14. Bd2 Kd7 15. Rfc1 Rhc8 16. Bg2 h6 17. Kf1 Bd4 18. e3 Be5 19. f4 Bd6 20. e4 dxe4 21. dxe4 e5 22. Rd1 Ke7 23. Nd5+ Nxd5 24. exd5 Nd4 25. Bc3 f6 26. Bxd4 exd4 27. Rxd4 Rc2 28. Re4+ Kd7 29. h4 Rxb2 30. Bh3+ Kc7 31. Re2 Rxe2 32. Kxe2 Ra3 33. Kf2 Bxf4 34. gxf4 Rxh3 35. Rg1 Rxh4 36. Rxg7+ Kd6 37. Kg3 Rh1 38. Rxb7 Rb1 39. Rf7 Kxd5 40. Rxf6 h5 41. Rf5+ Kd4 42. Rxh5 Rb2 43. a4 Ra2 44. Rb5 Rxa4 45. Rxb6 Kd5 46. Kg4 Ra1 47. Kg5 Rg1+ 48. Kf6 Rf1 49. f5 Rh1 50. Kg6 Rg1+ 51. Kf7 Kc5 52. Ra6 Kd5 53. f6 Re1 54. Kg8 Rg1+ 55. Kf8 Rf1 56. f7 Re1 57. Rg6 Rf1 58. Kg8 1-0

[Event "Titled Tuesday intern op 01st Feb-A"]
[Site "Chess.com INT"]
[Date "2022.02.01"]
[Round "9"]
[White "Caruana, Fabiano"]
[Black "Kravtsiv, Martyn"]
[Result "1-0"]
[WhiteElo "2792"]
[BlackElo "2598"]
[PlyCount "63"]
[EventDate "2022.02.01"]
[EventType "swiss (blitz)"]
[EventRounds "11"]
[EventCountry "USA"]
[SourceTitle "CBM 206 Extra"]
[Source "ChessBase"]
[SourceDate "2022.03.31"]
[SourceVersion "1"]
[SourceVersionDate "2022.03.31"]
[SourceQuality "1"]

1. Nf3 d5 2. b3 Bg4 3. Bb2 Nc6 4. e3 Nf6 5. h3 Bh5 ({RR} 5... Bxf3 6. Qxf3 e6 7. Bb5 Be7 8. d4 O-O 9. a3 Ne4 10. Nd2 f5 11. Qe2 Bf6 12. Nf3 Ne7 13. Ne5 c6 14. Bd3 Ng6 15. Nxg6 hxg6 16. O-O-O a5 17. g4 a4 18. b4 b5 19. Rhg1 Kf7 20. f3 {Rasti,A (2232)-Abdi,F (2068) chess.com INT 2025 1-0 (35)}) 6. g4 ({RR} 6. c4 e6 7. cxd5 exd5 8. Bb5 a6 9. Bxc6+ bxc6 10. Nc3 Bd6 11. Na4 O-O 12. Rc1 Qe8 13. Qc2 Ne4 14. d3 Bxf3 15. gxf3 Ng5 16. Ke2 Ne6 17. Rhg1 f6 18. Qxc6 Qh5 19. Nc3 d4 20. Ne4 dxe3 {Zhao,X (2477)-Paehtz,E (2464) Huaian 2017 0-1 (46)}) 6... Bg6 7. d3 $146 ({RR} 7. Bb5 Be4 8. d3 Bxf3 9. Bxc6+ bxc6 10. Qxf3 e6 11. Nd2 h6 12. h4 Nd7 13. O-O-O e5 14. d4 e4 15. Qe2 Bb4 16. c3 Bd6 17. Qa6 O-O 18. Qxc6 Nb6 19. c4 Bb4 20. c5 Bxd2+ 21. Rxd2 Rc8 {Elissalt Cardenas,H (2382)-Rosa Ramirez,V (1945) Madrid 2017 ½-½ (45)}) 7... Qd7 8. Nbd2 O-O-O 9. Bg2 e6 10. Qe2 Bd6 11. a3 h6 12. b4 Kb8 13. Nb3 Rhe8 14. b5 Ne7 15. a4 Nc8 16. Ne5 Bxe5 17. Bxe5 Qe7 18. O-O h5 19. Rfb1 hxg4 20. hxg4 Rh8 21. a5 Rh4 22. Nd4 Nxg4 23. Bg3 Rdh8 24. b6 axb6 25. axb6 e5 26. bxc7+ Qxc7 27. Bxd5 Nd6 28. Nc6+ Kc8 29. Ra8+ Kd7 30. Rxh8 Rxh8 31. Qxg4+ Bf5 32. Nxe5+ 1-0

[Event "Titled Tuesday intern op 01st Feb-B"]
[Site "Chess.com INT"]
[Date "2022.02.02"]
[Round "7"]
[White "Van Foreest, Jorden"]
[Black "Bortnyk, Olexandr"]
[Result "1-0"]
[WhiteElo "2702"]
[BlackElo "2604"]
[PlyCount "83"]
[EventDate "2022.02.02"]
[EventType "swiss (blitz)"]
[EventRounds "11"]
[EventCountry "USA"]
[SourceTitle "CBM 206 Extra"]
[Source "ChessBase"]
[SourceDate "2022.03.31"]
[SourceVersion "1"]
[SourceVersionDate "2022.03.31"]
[SourceQuality "1"]

1. b3 d5 2. Bb2 Bf5 3. Nf3 e6 4. g3 h6 5. Bg2 Nd7 6. O-O Ngf6 7. d3 Bh7 8. Nbd2 c6 9. Re1 Bc5 10. e4 O-O 11. e5 ({RR} 11. Qe2 Re8 12. Rad1 a5 13. a3 a4 14. b4 Bb6 15. h3 c5 16. e5 Nh5 17. bxc5 Bxc5 18. Kh2 Qb6 19. Rb1 Qa7 20. Rf1 Rac8 21. Rbc1 Qb6 22. Rb1 Qa7 23. Nh4 g6 24. c4 Bd4 25. cxd5 exd5 {Shuvalova,P (2483)-Rego,P (2323) chess.com INT 2024 ½-½ (82)}) 11... Ne8 12. h4 $146 ({RR} 12. Nf1 a5 13. Ne3 a4 14. Qd2 Qb6 15. Ng4 Qb4 16. Qf4 Qxf4 17. gxf4 Bb4 18. Red1 a3 19. Bc1 d4 20. h3 Bc3 21. Rb1 Nc7 22. Bd2 Nd5 23. Bxc3 dxc3 24. Ne3 Nxf4 25. b4 Nb6 26. Nd4 Ra4 {Niemann,H (2460)-Stearman,J (2297) San Jose 2019 0-1 (40)}) 12... a5 13. a3 b5 14. Nf1 Qb6 15. Qd2 Kh8 16. N1h2 Be7 17. Ng4 c5 18. Bc1 Rc8 19. Rb1 Qa6 20. Bf1 Qa7 21. Qe3 Qc7 22. Bd2 c4 23. bxc4 bxc4 24. dxc4 dxc4 25. Rb5 c3 26. Bc1 h5 27. Nh6 gxh6 28. Qxh6 Rg8 29. Bd3 Nf8 30. Qxh5 Ng7 31. Qh6 Nf5 32. Bxf5 exf5 33. Bf4 Qc6 34. e6 f6 35. Ne5 Qxe6 36. Rb6 fxe5 37. Rxe6 exf4 38. Rxe7 Rg6 39. Qxf4 Kg8 40. h5 Rg4 41. Qe5 Rd8 42. h6 1-0

[Event "Titled Tuesday intern op 01st Feb-B"]
[Site "Chess.com INT"]
[Date "2022.02.02"]
[Round "8"]
[White "Hakobyan, Aram"]
[Black "Bortnyk, Olexandr"]
[Result "1-0"]
[WhiteElo "2602"]
[BlackElo "2604"]
[PlyCount "137"]
[EventDate "2022.02.02"]
[EventType "swiss (blitz)"]
[EventRounds "11"]
[EventCountry "USA"]
[SourceTitle "CBM 206 Extra"]
[Source "ChessBase"]
[SourceDate "2022.03.31"]
[SourceVersion "1"]
[SourceVersionDate "2022.03.31"]
[SourceQuality "1"]

1. b3 d5 2. Bb2 Bf5 3. Nf3 e6 4. d3 Nf6 5. Nbd2 h6 6. g3 c6 7. Bg2 Be7 8. e4 Bh7 9. O-O O-O 10. Ne5 Nbd7 11. Qe2 Nxe5 12. Bxe5 Nd7 13. Bb2 Bf6 $146 ({RR} 13... a5 14. a4 Bf6 15. e5 Be7 16. Rfd1 b5 17. c4 Nc5 18. d4 Nd3 19. Ba3 b4 20. Bc1 dxc4 21. Nxc4 Qxd4 22. Bb2 Qd8 23. Be4 Bxe4 24. Qxe4 Nc5 25. Qf3 Qc7 26. Rac1 Nd7 27. Rd3 c5 28. h4 {Nakamura,H (2736)-Giri,A (2774) Chess.com INT 2021 ½-½ (83)}) 14. e5 Be7 15. f4 a5 16. a4 b5 17. Kh1 bxa4 18. bxa4 Rb8 19. Bd4 Bc5 20. Bxc5 Nxc5 21. Qf2 Nd7 22. g4 Qb6 23. Qg3 Qd4 24. Nf3 Qc3 25. Rae1 Rb2 26. f5 exf5 27. e6 fxe6 28. g5 f4 29. Qh4 Rxc2 30. Bh3 Nc5 31. gxh6 Qf6 32. hxg7 Rf7 33. Qh5 Qg6 34. Qh4 Nxd3 35. Rxe6 Qxg7 36. Re8+ Rf8 37. Be6+ Kh8 38. Rxf8+ Qxf8 39. Ng5 Nf2+ 40. Rxf2 Rc1+ 41. Kg2 Qg7 42. Bf5 f3+ 43. Rxf3 Rc4 44. Qxh7+ Qxh7 45. Nxh7 Rxa4 46. Ng5 Kg7 47. Ne6+ Kg8 48. Bg6 Rg4+ 49. Rg3 Rxg3+ 50. hxg3 a4 51. Bc2 a3 52. Bb3 Kf7 53. Nd4 Ke7 54. Nxc6+ Kd6 55. Nb4 d4 56. Nd3 Kc6 57. Kf3 Kc7 58. Ke4 Kd7 59. Ba2 Kc6 60. Kxd4 Kb5 61. g4 Ka5 62. g5 Kb5 63. g6 Ka5 64. g7 Kb5 65. g8=Q Ka4 66. Qb3+ Ka5 67. Qb4+ Ka6 68. Nc5+ Ka7 69. Qb7# 1-0

[Event "Titled Tuesday intern op 01st Feb-B"]
[Site "Chess.com INT"]
[Date "2022.02.02"]
[Round "8"]
[White "Muradli, Mahammad"]
[Black "Murzin, Volodar"]
[Result "1-0"]
[WhiteElo "2523"]
[BlackElo "2519"]
[PlyCount "125"]
[EventDate "2022.02.02"]
[EventType "swiss (blitz)"]
[EventRounds "11"]
[EventCountry "USA"]
[SourceTitle "CBM 206 Extra"]
[Source "ChessBase"]
[SourceDate "2022.03.31"]
[SourceVersion "1"]
[SourceVersionDate "2022.03.31"]
[SourceQuality "1"]

1. Nf3 d5 2. e3 c5 3. c4 Nf6 4. b3 Nc6 5. Bb2 Bg4 6. cxd5 Nxd5 7. Bb5 $146 ({RR} 7. h3 Bh5 8. Bc4 e6 9. Nc3 Be7 10. Bb5 O-O 11. Bxc6 bxc6 12. O-O Nb4 13. Ne4 Nd3 14. Bc3 Qd5 15. Ng3 Bg6 16. Ne5 Nxe5 17. f4 Nd3 18. Qe2 f5 19. Kh2 Rad8 20. Rg1 e5 21. fxe5 Nxe5 {Mendonca,L (2544)-Rorrer,G (2117) Chess.com INT 2021 1-0 (80)}) 7... Ndb4 8. O-O a6 9. Be2 e6 10. d3 Bxf3 11. Bxf3 Qxd3 12. Bxc6+ bxc6 13. Na3 Qxd1 14. Rfxd1 Rd8 15. Rxd8+ Kxd8 16. Nc4 f6 17. a3 Nd5 18. Rd1 Kc7 19. e4 Nf4 20. Kf1 e5 21. Bc3 Ne6 22. Ba5+ Kc8 23. Nb6+ Kb8 24. Rd7 c4 25. Nxc4 Bc5 26. b4 Kc8 27. Rf7 Rf8 28. bxc5 Rxf7 29. Nd6+ Kd7 30. Nxf7 Nxc5 31. f3 Nb7 32. Bb6 Ke7 33. Nxe5 fxe5 34. Ke2 Kd6 35. Be3 c5 36. Kd3 Kc6 37. Kc4 Nd6+ 38. Kc3 Nb5+ 39. Kb3 Nd6 40. a4 Nc8 41. Bd2 Nb6 42. Ba5 Nc8 43. Bc3 Kd6 44. g3 g6 45. h4 Nb6 46. Bb2 Nc8 47. Ba1 Nb6 48. Bc3 Nc8 49. f4 exf4 50. gxf4 Kc6 51. Be5 Ne7 52. Kc4 Nc8 53. a5 Na7 54. f5 gxf5 55. exf5 Nb5 56. f6 Kd7 57. Kxc5 Ke6 58. Bb2 Nd6 59. Kc6 Nc4 60. Bc3 h5 61. Kb7 Nxa5+ 62. Bxa5 Kxf6 63. Kxa6 1-0

[Event "Titled Tuesday intern op 01st Feb-B"]
[Site "Chess.com INT"]
[Date "2022.02.02"]
[Round "9"]
[White "Hakobyan, Aram"]
[Black "Andreikin, Dmitry"]
[Result "1-0"]
[WhiteElo "2602"]
[BlackElo "2724"]
[PlyCount "63"]
[EventDate "2022.02.02"]
[EventType "swiss (blitz)"]
[EventRounds "11"]
[EventCountry "USA"]
[SourceTitle "CBM 206 Extra"]
[Source "ChessBase"]
[SourceDate "2022.03.31"]
[SourceVersion "1"]
[SourceVersionDate "2022.03.31"]
[SourceQuality "1"]

1. b3 Nf6 2. Bb2 d5 3. Nf3 Bf5 4. Nh4 Bd7 5. g3 ({RR} 5. c4 e6 6. Nf3 c5 7. cxd5 exd5 8. e3 Nc6 9. Be2 Bd6 10. O-O O-O 11. d4 Rc8 12. dxc5 Bxc5 13. Nc3 Bg4 14. Rc1 Bd6 15. h3 Bh5 16. Nh4 Bg6 17. Nxg6 hxg6 18. Bf3 d4 19. Nb5 Bb8 {Nakamura,H (2802)-Erigaisi,A (2777) chess.com INT 2025 1-0 (70)}) 5... Qc8 $146 ({RR} 5... c6 6. Bg2 g6 7. c4 dxc4 8. bxc4 Bg7 9. O-O O-O 10. d4 Qc8 11. Qb3 Na6 12. Bc3 Rb8 13. Re1 Bh3 14. Bh1 Nd7 15. Nd2 e5 16. e3 b5 17. Nhf3 Be6 18. Nxe5 Nxe5 19. dxe5 Nc5 20. Qc2 {Winkelman,A (2272)-Li,J (2035) Melbourne AUS 2023 1-0 (46)}) ({RR} 5... c5 6. Bg2 e6 7. O-O Nc6 8. c4 d4 9. e3 e5 10. exd4 exd4 11. Re1+ Be7 12. Qe2 Bg4 13. f3 Bd7 14. f4 Bg4 15. Nf3 O-O 16. h3 Bd7 17. d3 Re8 18. Na3 a6 19. Nc2 Bd6 20. Qf2 {Tangatov,N (2257)-Dumanuly,S (2096) Almaty KAZ 2025 ½-½ (50)}) ({RR} 5... c5 6. Bg2 e6 7. c4 Nc6 8. O-O d4 9. e3 Be7 10. exd4 cxd4 11. d3 O-O 12. a3 a5 13. Nd2 Re8 14. f4 Bf8 15. Qe2 Rb8 16. Ne4 b5 17. c5 Nxe4 18. Bxe4 f5 19. Bg2 Rc8 20. Rac1 {Hakobyan,A (2602)-Sjugirov,S (2680) Chess.com INT 2022 1-0 (41)}) 6. c4 dxc4 7. bxc4 Bc6 8. Nf3 Bxf3 9. exf3 Nc6 10. d4 e5 11. d5 Nd4 12. Nd2 Qf5 13. Rc1 O-O-O 14. h4 Kb8 15. Bh3 Qd3 16. Rc3 Qg6 17. O-O Bc5 18. Nb3 Nxb3 19. Rxb3 Qxg3+ 20. Bg2 Nh5 21. f4 Qg6 22. Bxe5 f6 23. d6 c6 24. Qf3 Bb6 25. f5 Qh6 26. Bh2 g5 27. d7+ Nf4 28. c5 Rxd7 29. cxb6 a6 30. Rc3 Qxh4 31. Rxc6 Rhd8 32. Rc7 1-0

[Event "Titled Tuesday intern op 08th Feb Early"]
[Site "Chess.com INT"]
[Date "2022.02.08"]
[Round "7"]
[White "Matlakov, Maxim"]
[Black "Lorparizangeneh, Shahin"]
[Result "1-0"]
[WhiteElo "2674"]
[BlackElo "2502"]
[PlyCount "153"]
[EventDate "2022.02.08"]
[EventType "swiss (blitz)"]
[EventRounds "11"]
[EventCountry "USA"]
[SourceTitle "CBM 206 Extra"]
[Source "ChessBase"]
[SourceDate "2022.03.31"]
[SourceVersion "1"]
[SourceVersionDate "2022.03.31"]
[SourceQuality "1"]

1. Nf3 d5 2. g3 g6 3. Bg2 Bg7 4. O-O e5 5. d3 Ne7 6. e4 O-O 7. Nc3 dxe4 ({RR} 7... c5 8. Nd2 Be6 9. f4 exf4 10. gxf4 dxe4 11. dxe4 Nbc6 12. Kh1 f5 13. e5 g5 14. Nf3 gxf4 15. Bxf4 Ng6 16. Bg5 Qxd1 17. Raxd1 h6 18. Rd6 Rae8 19. Be3 Ncxe5 20. Bxc5 b6 21. Ba3 Nc4 22. Rxe6 {Skaric,D (2285)-Harper,H (2044) chess.com INT 2025 1-0}) 8. dxe4 Nbc6 ({RR} 8... c6 9. Qe2 h6 10. a4 a5 11. Rd1 Qc7 12. Be3 Na6 13. Nd2 Be6 14. Nc4 Nc8 15. Rd2 Rb8 16. Rad1 Kh7 17. h4 h5 18. Kh2 b5 19. Nd6 Nxd6 20. Rxd6 Qb7 21. Bh3 Bxh3 22. Kxh3 Nc7 23. Rd7 {Carlsen,M (2832)-Nakamura,H (2786) Chess.com INT 2018 1-0 (53)}) 9. Be3 Be6 $146 ({RR} 9... Nd4 10. Bxd4 exd4 11. Ne2 c5 12. Ne1 f5 13. Nf4 Qd6 14. Qe2 Kh8 15. b3 Bd7 16. Ned3 fxe4 17. Qxe4 b6 18. Rae1 Rae8 19. Ne6 Nf5 20. Ndf4 Re7 21. Bh3 Rfe8 22. Bxf5 gxf5 23. Qxf5 Bxe6 24. Qg5 {Manafov,V (2236)-Hansen,E (2606) Chess.com INT 2021 0-1 (48)}) 10. Ng5 Bc4 11. Re1 Qxd1 12. Raxd1 Nd4 13. Rd2 Rad8 14. Red1 Rd6 15. b3 Ba6 16. Nd5 Nxd5 17. exd5 Ne2+ 18. Kh1 Nc3 19. Re1 b6 20. Ne4 Nxe4 21. Bxe4 f5 22. Bf3 e4 23. Be2 Bxe2 24. Rexe2 Bc3 25. Rd1 c6 26. f3 Rxd5 27. Rf1 exf3 28. Rxf3 Re8 29. Ref2 Bg7 30. Kg2 Re4 31. c4 Rd3 32. Bf4 Rxf3 33. Kxf3 h6 34. h4 Rd4 35. Re2 Rd3+ 36. Kg2 Kf7 37. Kh2 Rd7 38. Kg2 Re7 39. Rd2 c5 40. Kf3 Kf6 41. Rd6+ Kf7 42. Rc6 Rd7 43. Ke2 Bf8 44. a4 Kg7 45. Be5+ Kh7 46. Kf2 g5 47. h5 Bg7 48. Bd6 Bd4+ 49. Kf3 Kg7 50. Bb8 Bc3 51. Ke2 Rd2+ 52. Ke3 Rd7 53. Rg6+ Kh7 54. Bd6 Rf7 55. Re6 Bd4+ 56. Kf3 Kg7 57. Rg6+ Kh7 58. Re6 Bc3 59. Be7 g4+ 60. Kg2 f4 61. gxf4 Rxf4 62. Bd6 Rf7 63. Kg3 Rg7 64. Bf4 Rd7 65. Rxh6+ Kg8 66. Rg6+ Kf7 67. Kxg4 Rd4 68. Rd6 Ke7 69. Rxd4 cxd4 70. Kf3 d3 71. Kf2 Kf6 72. Be3 Kf5 73. Kf3 Bb4 74. Bh6 Bc5 75. Bd2 Bd4 76. h6 Kg6 77. Ke4 1-0

[Event "Titled Tuesday intern op 08th Feb Early"]
[Site "Chess.com INT"]
[Date "2022.02.08"]
[Round "10"]
[White "Jones, Gawain C B"]
[Black "Niemann, Hans Moke"]
[Result "1-0"]
[WhiteElo "2671"]
[BlackElo "2642"]
[PlyCount "53"]
[EventDate "2022.02.08"]
[EventType "swiss (blitz)"]
[EventRounds "11"]
[EventCountry "USA"]
[SourceTitle "CBM 206 Extra"]
[Source "ChessBase"]
[SourceDate "2022.03.31"]
[SourceVersion "1"]
[SourceVersionDate "2022.03.31"]
[SourceQuality "1"]

1. Nf3 c5 2. g3 Nc6 3. Bg2 e5 4. d3 d5 5. O-O Nf6 6. e4 dxe4 7. dxe4 Qxd1 8. Rxd1 Bg4 9. Na3 Nd4 10. Rd3 Bxf3 ({RR} 10... Bd6 11. Nc4 Bc7 12. Ncxe5 Ne2+ 13. Kf1 Nxc1 14. Rxc1 Be6 15. b3 O-O 16. Re3 Rfd8 17. Nd3 c4 18. Nf4 Bd7 19. e5 Ng4 20. Re2 cxb3 21. axb3 Bc6 22. h3 Bxf3 23. Bxf3 Nxe5 24. Bxb7 Rab8 25. Bg2 {Kramnik,V (2779)-Dragnev,V (2508) Douglas 2018 1-0 (36)}) 11. Bxf3 Nxf3+ ({RR} 11... O-O-O 12. Bg5 Be7 13. Bxf6 Bxf6 14. c3 Nc6 15. Bg4+ Kc7 16. Nb5+ Kb6 17. Nd6 Be7 18. Nc4+ Kc7 19. Rd5 b6 20. Rad1 f6 21. Rd7+ Rxd7 22. Rxd7+ Kb8 23. Ne3 Rd8 24. Nd5 Bf8 25. Rf7 Na5 26. Nc7 {Kanov,N (2413)-Portero Rubio,M (2125) La Roda ESP 2025 1-0 (34)}) 12. Rxf3 O-O-O $146 ({RR} 12... Be7 13. Bg5 Nd7 14. Bxe7 Kxe7 15. Nc4 Rhd8 16. Na5 Ke6 17. Rd3 c4 18. Nxc4 Nc5 19. Rxd8 Rxd8 20. f3 b5 21. Ne3 Rd2 22. Rd1 Re2 23. Nf5 f6 24. Rd6+ Kf7 25. b4 Ne6 26. Rd7+ Kf8 27. Rxa7 {Maiwald,J (2490)-Krallmann,M (2280) Kassel 1994 1-0 (41)}) 13. Bg5 Be7 14. Nc4 Rd4 15. Ne3 Rxe4 16. Nf5 Bf8 17. Rd1 c4 18. Bxf6 gxf6 19. Kf1 a6 20. h3 Bb4 21. a3 Bc5 22. Rc3 b5 23. Rd5 Rd8 24. Rxc5+ Kb7 25. Re3 Rxe3 26. Nxe3 Kb6 27. Rd5 1-0

[Event "Titled Tuesday intern op 08th Feb Late"]
[Site "Chess.com INT"]
[Date "2022.02.08"]
[Round "3"]
[White "Svane, Rasmus"]
[Black "Kosteniuk, Alexandra"]
[Result "1-0"]
[WhiteElo "2637"]
[BlackElo "2516"]
[PlyCount "59"]
[EventDate "2022.02.08"]
[EventType "swiss (blitz)"]
[EventRounds "11"]
[EventCountry "USA"]
[SourceTitle "CBM 206 Extra"]
[Source "ChessBase"]
[SourceDate "2022.03.31"]
[SourceVersion "1"]
[SourceVersionDate "2022.03.31"]
[SourceQuality "1"]

1. Nf3 Nf6 2. g3 d5 3. Bg2 c6 4. O-O Bg4 5. h3 Bh5 6. d4 Nbd7 7. c4 e6 8. cxd5 exd5 9. Ne5 Bg6 10. Nc3 Bd6 11. f4 Be4 12. Nxe4 Nxe4 13. Bxe4 dxe4 14. Qb3 O-O ({RR} 14... Bxe5 15. dxe5 Qb6+ 16. Be3 Qxb3 17. axb3 a6 18. Ra4 f5 19. Rb4 O-O-O 20. g4 g6 21. Rd4 Rhe8 22. Rd6 fxg4 23. hxg4 g5 24. e6 Nf6 25. Rxd8+ Kxd8 26. f5 h6 27. Bd4 Ke7 28. Bc5+ Kd8 29. Kg2 {Svane,R (2637)-Ibrahimli,M (2418) Chess.com INT 2022 1-0 (33)}) 15. Qxb7 Nxe5 16. fxe5 Be7 $146 ({RR} 16... Bc7 17. Qb4 Qd7 18. Kg2 Rab8 19. Qc4 Rb5 20. b3 c5 21. Ba3 e3 22. Bxc5 Rc8 23. Rf3 Bxe5 24. Raf1 Bf6 25. Rxe3 Bxd4 26. Qxd4 Qb7+ 27. Qe4 Qxe4+ 28. Rxe4 Rbxc5 29. Re7 R5c7 30. Rfxf7 Rxe7 31. Rxe7 {Svane,R (2619)-Garv,G (1973) chess.com INT 2022 1-0 (48)}) 17. Be3 Rb8 18. Qxc6 Rxb2 19. Qxe4 Rxe2 20. Rf2 Rxf2 21. Bxf2 Qa5 22. d5 Bc5 23. Rf1 Rc8 24. e6 f5 25. Qe5 Be7 26. Qxf5 Rf8 27. Qe5 Bf6 28. e7 Re8 29. Qe6+ Kh8 30. d6 1-0

[Event "Cappelle op 38th"]
[Site "Cappelle la Grande"]
[Date "2022.02.14"]
[Round "4"]
[White "Dardha, Daniel"]
[Black "Beerdsen, Thomas"]
[Result "1-0"]
[WhiteElo "2541"]
[BlackElo "2508"]
[PlyCount "67"]
[EventDate "2022.02.12"]
[EventType "swiss"]
[EventRounds "9"]
[EventCountry "FRA"]
[SourceTitle "CBM 206 Extra"]
[Source "ChessBase"]
[SourceDate "2022.03.31"]
[SourceVersion "1"]
[SourceVersionDate "2022.03.31"]
[SourceQuality "1"]

1. Nf3 d5 2. c4 d4 3. b4 g5 4. Qb3 ({RR} 4. h3 Bg7 5. d3 h6 6. g3 e5 7. Bg2 Ne7 8. g4 Be6 9. a4 Nd7 10. Ba3 Ng6 11. Nbd2 Nf4 12. Bf1 h5 13. Rg1 hxg4 14. hxg4 a5 15. b5 c5 16. bxc6 bxc6 17. Ne4 Bf8 18. Nfxg5 Bxa3 {Shapiro,D (2702)-Szpar,M (2923) Chess.com 2024 0-1 (39)}) ({RR} 4. Qa4+ Bd7 5. b5 Bg7 6. Nxg5 e5 7. Ne4 Nf6 8. Nxf6+ Qxf6 9. g3 c6 10. Bg2 O-O 11. O-O a6 12. bxc6 Nxc6 13. d3 b5 14. cxb5 axb5 15. Qd1 Ra5 16. Nd2 Rfa8 17. Ne4 Qe7 18. Bg5 f6 {Movahed,S (2450)-Beerdsen,T (2511) chess.com INT 2023 1-0 (34)}) 4... Bg7 5. Nxg5 ({RR} 5. g3 g4 6. Nh4 e5 7. e3 Bf6 8. exd4 exd4 9. Bb2 Ne7 10. Na3 a5 11. Qa4+ Bd7 12. b5 Na6 13. Qxa5 Nc5 14. Qb4 b6 15. d3 Ra4 16. Qd2 Bxh4 17. gxh4 Qa8 18. Rg1 Rxa3 19. Bxa3 Qxa3 {Gilbert,A (1797)-Levin,A (2016) Reykjavik ISL 2025 0-1 (35)}) 5... h6 $146 ({RR} 5... e5 6. Qg3 Ne7 7. Ne6 Bxe6 8. Qxg7 Ng6 9. d3 Nc6 10. b5 Nce7 11. Qf6 Rg8 12. g3 Qd7 13. Bg2 O-O-O 14. Nd2 Nf5 15. Nb3 Qd6 16. c5 Qf8 17. Ba3 Qh6 18. Na5 b6 19. Nc6 Rde8 20. Nxa7+ {Kruckenhauser,A (2307)-Leschinsky,G (1955) Chess.com INT 2022 1-0 (34)}) 6. Nf3 e5 7. d3 Ne7 8. Nbd2 Be6 9. Bb2 Nd7 10. g3 b5 11. Qc2 c5 12. bxc5 Nxc5 13. cxb5 Rc8 14. Bg2 Nb3 15. Qxc8 Nxc8 16. axb3 O-O 17. Ba3 Re8 18. Bc5 Qd7 19. O-O Qxb5 20. Rfc1 Qb8 21. b4 Bd5 22. Nh4 Bxg2 23. Kxg2 Qb7+ 24. f3 Nb6 25. Bxb6 Qxb6 26. Ne4 Ra8 27. Rc4 Bf8 28. Rac1 Qd8 29. Nf5 Rb8 30. Rc7 Rb6 31. Rc8 Qd7 32. g4 Rg6 33. Kf2 a5 34. R1c7 1-0

[Event "Chess.com Rapid Wk1 Swiss"]
[Site "Chess.com INT"]
[Date "2022.02.12"]
[Round "4"]
[White "Keymer, Vincent"]
[Black "Robson, Ray"]
[Result "1-0"]
[WhiteElo "2664"]
[BlackElo "2676"]
[PlyCount "99"]
[EventDate "2022.02.12"]
[EventType "swiss (rapid)"]
[EventRounds "9"]
[EventCountry "USA"]
[SourceTitle "CBM 206 Extra"]
[Source "ChessBase"]
[SourceDate "2022.03.31"]
[SourceVersion "1"]
[SourceVersionDate "2022.03.31"]
[SourceQuality "1"]

1. Nf3 d5 2. e3 c5 3. b3 g6 4. Bb2 Nf6 5. Bb5+ Nbd7 6. Bxf6 exf6 7. Nc3 a6 8. Bxd7+ Qxd7 9. d4 c4 10. O-O Bb4 $146 ({RR} 10... Be7 11. bxc4 dxc4 12. a4 Bb4 13. Ne4 Qe6 14. Qb1 Be7 15. Nfd2 O-O 16. a5 Bd7 17. Nc3 Rab8 18. Qb2 b5 19. axb6 Rxb6 20. Qa2 Rc8 21. Rfb1 Bb5 22. Qa5 Rcb8 23. Rb2 Kg7 24. Rab1 Bd8 25. h3 {Duda,J (2732)-Kosakowski,J (2486) chess.com INT 2024 1-0 (39)}) 11. Na4 Qc6 12. c3 Bd6 13. bxc4 Bd7 14. c5 Qxa4 15. cxd6 Qc6 16. Qb3 O-O 17. a4 Qxd6 18. Rfc1 Rfc8 19. Nd2 Rc7 20. Qa3 Qxa3 21. Rxa3 b5 22. axb5 Bxb5 23. Nb3 Bc4 24. Nc5 Rb8 25. h4 Rc6 26. Rca1 Rbb6 27. Ra4 Kg7 28. e4 Rb2 29. exd5 Bxd5 30. Rxa6 Rc8 31. Rd6 Bc4 32. Ra4 Bb5 33. Rb6 Bxa4 34. Rxb2 Bc6 35. c4 f5 36. f3 h6 37. Kf2 g5 38. hxg5 hxg5 39. Rc2 Kf6 40. Ke3 f4+ 41. Kd3 g4 42. d5 Be8 43. Kd4 Kg5 44. Ne4+ Kh4 45. fxg4 Kxg4 46. Nd6 Rd8 47. Nxe8 Rxe8 48. c5 f5 49. c6 Re4+ 50. Kc5 1-0

[Event "Chess.com Rapid Wk1 Swiss"]
[Site "Chess.com INT"]
[Date "2022.02.12"]
[Round "4"]
[White "Matlakov, Maxim"]
[Black "Kosteniuk, Alexandra"]
[Result "1-0"]
[WhiteElo "2674"]
[BlackElo "2516"]
[PlyCount "115"]
[EventDate "2022.02.12"]
[EventType "swiss (rapid)"]
[EventRounds "9"]
[EventCountry "USA"]
[SourceTitle "CBM 206 Extra"]
[Source "ChessBase"]
[SourceDate "2022.03.31"]
[SourceVersion "1"]
[SourceVersionDate "2022.03.31"]
[SourceQuality "1"]

1. Nf3 Nf6 2. g3 b6 3. Bg2 Bb7 4. O-O e6 5. d3 d5 6. Nbd2 Bd6 7. e4 dxe4 8. dxe4 e5 9. Nh4 g6 $146 ({RR} 9... O-O 10. Nf5 Bc5 11. c3 Re8 12. Qe2 Ba6 13. Nc4 Qc8 14. Bh3 Qb7 15. Re1 Qc6 16. Bf1 Bb7 17. Bg2 a5 18. Bg5 Nbd7 19. Rad1 Ba6 20. Bf1 Qe6 21. b3 Bb7 22. Qf3 a4 23. Nd2 Ba6 24. Bxa6 {Vrana,F (2275)-Foglia,M (2083) Stare Mesto 2004 1-0 (51)}) ({RR} 9... O-O 10. Nf5 Re8 11. Nc4 Bf8 12. Qe2 Nbd7 13. Rd1 Qb8 14. Bh3 Bc6 15. a4 a5 16. f3 b5 17. axb5 Bxb5 18. Bf1 Nb6 19. b3 a4 20. Be3 Qb7 21. Qd2 Bxc4 22. bxc4 Qc6 23. Bf2 Bc5 24. Qg5 {Khotenashvili,B (2454)-Follana Albelda,L (1954) Rhodes GRE 2024 0-1 (36)}) 10. Nc4 Qe7 11. Bh6 Nbd7 12. Nxd6+ cxd6 13. Re1 Nc5 14. b4 Ne6 15. a4 Ng8 16. Be3 Nf6 17. a5 b5 18. Qd3 a6 19. Rad1 Rd8 20. Bb6 Rd7 21. c4 bxc4 22. Qxc4 O-O 23. b5 Rc8 24. Qb4 Ng5 25. bxa6 Bxa6 26. Qd2 Ne6 27. Nf3 Nc5 28. Nh4 Qe6 29. Qg5 Nd3 30. Re3 Nb2 31. Rb1 Bd3 32. Rbe1 h6 33. Qxh6 Ng4 34. Qg5 Nxe3 35. Qxe3 Bc4 36. Nf3 Nd3 37. Rd1 Nb2 38. Rb1 Na4 39. Ng5 Qf6 40. Bh3 Be6 41. Nxe6 fxe6 42. Qb3 Nxb6 43. Qxe6+ Rf7 44. Qxf6 Rxf6 45. axb6 Rb8 46. b7 Kf8 47. Bc8 Ke7 48. Kg2 g5 49. h3 Rf8 50. Rc1 Kd8 51. Rc3 Ke7 52. Rf3 Rfxc8 53. bxc8=Q Rxc8 54. Rf5 Rg8 55. Kf3 Ke6 56. Kg4 d5 57. exd5+ Kxd5 58. Rxg5 1-0